000 00243nam a2200097Ia 4500
001 645299
005 20250826153621.0
008 250824s9999 xx 000 0 und d
245 0 _a27 Safir Perisi İrem
_cDAISY MEADOWS
260 _bBEYAZ BALİNA
999 _c645299
_d645299